Statistics for Robert De Niro Oscar Nominations: which 7 films?

Click here to take the quiz!

General Stats

  • This quiz has been taken 55 times
  • The average score is 4 of 7

Answer Stats

Year/role *=win Answer % Correct
81/A*Raging Bull
92%
77/ATaxi Driver
82%
75/SA*The Godfather Part II
82%
79/AThe Deer Hunter
68%
92/ACape Fear
50%
13/SASilver Linings Playbook
40%
91/AAwakenings
32%

Score Distribution

Percentile by Number Answered

Percent of People with Each Score

Your Score History

You have not taken this quiz